00346cam a2200109ua 450000100060000000800390000604000090004510000320005424500760008626000640016230000100022611709191031n ii |||gr||||Z||||||asm cMAIN aMukul Hazarika . ,eEditor. aChandrakamal Hazarika : bsmarakgrantha / cEdited by Mukul Hazarika .  aSivsagar:bChandrakamal Hazaria Smritiraksha Samity,c2019. a302p.